000 01004nac a22002891i 4500
003 EG-ScBUE
005 20260512092932.0
008 090706t1959 txua f 001 0 eng d
035 _a(OCoLC)2162179
040 _aEG-ScBUE
_beng
_erda
_cEG-ScBUE
_dEG-ScBUE
082 0 4 _a501.8
_bWOR
_222
100 1 _aWortham, A. W.,
_eauthor.
_97653
245 1 0 _aPractical statistics in experimental design /
_cA. W. Wortham, T. E. Smith.
246 3 4 _aPractical statistics in experimental design, methods, applications
264 1 _aDallas :
_bDallas Publishing House,
_c[1959]
264 4 _cc1959
300 _a128 pages :
_billustrations ;
_c23 cm
336 _2rdacontent
_atext
_btxt
337 _aunmediated
_2rdamedia
_bn
338 _avolume
_bnc
_2rdacarrier
500 _aIncludes index.
650 7 _aExperimental design.
_2BUEsh
_97654
655 _vReading book
700 1 _aSmith, Thomas Eugene,
_d1908-
_eauthor.
_97655
942 _cBB
_2ddc
999 _c3010
_d3010